000 00817nam a22002657a 4500
001 96070
003 UA-OsUOA
005 20211208115918.0
007 ta
008 20130314b un ||||| |||| 00| 0 ukr d
020 _a9789668837185
040 _aUA-OsUOA
_bukr
_cUA-OsUOA
_dUA-OsUOA
041 _aukr
080 _a94(477).06
090 _a94(477).06
_bС60
100 _aСолдатенко В. Ф.
245 _aУкраїна в революційну добу
_bісторичні есе-хроніки у 4-х томах
260 _aК.
_bСвітогляд
_c2010
300 _a453 с.
505 _gТ. 3
650 7 _a9 Географія. Біографії. Історія
_2UDC
942 _cBK
_2udc
955 _a2
999 _c382316
_d382316